Κράτος και επανάσταση : η διδασκαλία του μαρξισμού για το κράτος και τα καθήκοντα του προλεταριάτου στην επανάσταση

Saved in:
Bibliographic Details
Main Author: Lenin, Vladimir Il'ich, 1870-1924
Format: Book
Language:Greek
Russian
Published: Αθήνα : Σύγχρονη Εποχή, 2003.
Subjects:
Tags: Add Tag
No Tags, Be the first to tag this record!

MARC

LEADER 00000cam a2200000 i 4500
001 1/59912
008 040907s2003 gr | ||| |||| ||gre||
020 |a 9602247630 
035 |l 10074201 
040 |a GR-MyUA  |b gre  |e AACR2 
041 0 |a gre  |h rus 
082 0 |a 335.423 
100 1 |a Lenin, Vladimir Il'ich,   |d 1870-1924. 
245 1 0 |a Κράτος και επανάσταση :   |b η διδασκαλία του μαρξισμού για το κράτος και τα καθήκοντα του προλεταριάτου στην επανάσταση /   |c Β.Ι. Λένιν.  
260 |a Αθήνα :   |b Σύγχρονη Εποχή,   |c 2003.  
300 |a 164 σ. ;   |c 21 εκ.  
600 1 0 |a Marx, Karl,   |d 1818-1883. 
650 0 0 |a Socialism. 
650 0 0 |a State, The. 
650 0 0 |a Revolutions. 
852 |a INST  |b SAMOS  |e 20040907  |h 335.423 LEN  |p 005300023257  |q 005300023257  |t BK  |y 0 
901 |a BIBL3-2004-3 
909 |a Σ  |b 107411 
922 |a 3ΕΛΗ  |b 200406  |c ΕΠΕΑΕΚ/ΤΜΠΕΣ  |d LEADER 
970 |a ΚΟΣΙΕΡΗΣ  |b ΧΡΗΣΤΟΣ  |z 2004/09/07